Evidence of the Illawarra Reversal in the Permian sequence of the Hronic Nappe (Western Carpathians, Slovakia)

Bibliographic Details
Main Authors: Vozárová, Anna, 1943- (Author), Túnyi, Igor, 1949-2014 (Author)
Format: Article
Language:Slovak
English
PhysicalDescription:Obr., tab.
ISSN:1335-0552
Subjects:

MARC

LEADER 00000nab a2200000 a 4500
001 vtls000858455
003 SK-MaSNL
005 20260305020215.0
008 250429c2003 xo 0 slo
015 |a SNBRB2004/01-01989 
035 |a CLN000210104 
035 |a urn:nbn:sk:snk-ab793s 
035 |a (uuid)0d232825-6d8d-4178-8cb3-f4c415338b27 
035 |a (urnnbn)urn:nbn:sk:snk:ar-a077zc 
035 |a (sysno)vtls000858455 
040 |a SNKBUCL  |b slo  |c SNKBUCL  |e AACR2 
041 0 |a eng 
044 |a xo  |c SK 
080 |a 551.736(234.372.3)  |2 1997 
080 |a 550.384(234.372.3)  |2 1997 
100 1 |a Vozárová, Anna,  |d 1943-  |4 aut  |9 5212 
245 1 0 |a Evidence of the Illawarra Reversal in the Permian sequence of the Hronic Nappe (Western Carpathians, Slovakia)  |c Anna Vozárová, Igor Túnyi 
300 |b Obr., tab. 
504 |a Res. angl. 
504 |a Bibliogr. odkazy 
650 0 7 |a hronikum  |x magnetostratigrafia  |y paleozoikum  |z Západné Karpaty (Slovensko)  |2 snkbucl  |9 1595641 
655 7 |a články z novín a časopisov  |2 snkbucl  |9 267496 
700 1 |a Túnyi, Igor,  |d 1949-2014  |4 aut  |9 52728 
773 0 |t Geologica carpathica  |g Roč. 54, č. 4 (2003), s. 229-236  |x 1335-0552 
850 |a Slovenská národná knižnica 
852 |a Slovenská národná knižnica 
958 |a article27 
958 |a SK 
958 |a NB 
958 |a OND 
958 |a EUIPO 
999 |c 3279513  |d 3281443